MARC details
| 000 -LEADER |
| fixed length control field |
04046cam a22002054a 4500 |
| 005 - ΗΜΕΡΟΜΗΝΙΑ ΚΑΙ ΩΡΑ ΤΕΛΕΥΤΑΙΑΣ ΕΝΗΜΕΡΩΣΗΣ |
| Πεδίο ελέγχου |
20250605164220.0 |
| 008 - FIXED-LENGTH DATA ELEMENTS--GENERAL INFORMATION |
| Πεδίο ελέγχου σταθερού μήκους |
250528s ||||||||||||||||||||||||d |
| 035 ## - SYSTEM CONTROL NUMBER |
| System control number |
20626 |
| 020 ## - ISBN |
| ISBN |
9600212090 |
| 040 ## - ΠΗΓΗ ΚΑΤΑΛΟΓΟΓΡΑΦΗΣΗΣ |
| Φορέας πρωτότυπης καταλογογράφησης |
MC Athens Campus Library |
| Γλώσσα καταλογογράφησης |
Ελληνικά, Μοντέρνα (1453-) |
| Modifying agency |
MC Athens Campus Library |
| Κανόνες περιγραφικής καταλογογράφησης |
AACR2 |
| 245 1# - ΤΙΤΛΟΣ ΚΑΙ ΔΗΛΩΣΗ ΥΠΕΥΘΥΝΟΤΗΤΑΣ |
| Τίτλος |
Λήψη Αποφάσεων, Κρίση, Διαπραγμάτευση / Θεωρία και Πράξη |
| 260 ## - PUBLICATION, DISTRIBUTION, ETC. |
| Name of publisher, distributor, etc. |
Παπαζήση, |
| Date of publication, distribution, etc. |
1997 |
| 300 ## - PHYSICAL DESCRIPTION |
| Extent |
168 |
| 505 0# - FORMATTED CONTENTS NOTE |
| Formatted contents note |
Εισαγωγή, Παράγοντες Λήψης Αποφάσεων, Υλικοί Παράγοντες, Οι Έμψυχοι Παράγοντες, Οι Υποκειμενικοί Παράγοντες, Προσεγγίσεις στη Λήψη Αποφάσεων, Η Λήψη Αποφάσεων στην Αρχαιότητα, Σύγχρονες Επιστημονικές Προσεγγίσεις, Θεωρήσεις Διεθνών Σχέσεων, Κλασσικός Ρεαλισμός, Δομικός Ρεαλισμός ή Νεορεαλισμός, Πλουραστική Θεώρηση, Οι Θεωρίες Λήψης Αποφάσεων, Ορθολογικές Θεωρίες Λήψης Αποφάσεων, Το Κλασσικό Μοντέλο, Θεωρία Παιγνίων, Θεωρίες μη Συμβατικής Λογικής, Θεωρίες Περί Γραφειοκρατίας, Περιορισμένος Ορθολογισμός, Το Οργανισμικό Μοντέλο, Μικτά Μοντέλα ή Μελέτες, Άλλες Θεωρίες Λήψης Αποφάσεων, Ψυχολογικές Θεωρίες, Παρανόηση, Ομαδοσκέψη, Κυβερνητική, Κρίση και Διαχείριση Κρίσης, Λειτουργίες και Χαρακτηριστικά της Κρίσης, Αίτια, Αίτια - Αφορμές, Διαχείριση Κρίσης, Διπλωματία, Διπλωματικές Λειτουργίες, Προπαγάνδα, Διαπραγμάτευση, Στόχοι της Διαπραγμάτευσης, Τα Στάδια της Διαπραγμάτευσης, Τακτικές της Διαπραγμάτευσης, Παραρτήματα, Βιβλιογραφία. |
| 520 ## - SUMMARY, ETC. |
| Summary, etc. |
Εισαγωγή, Παράγοντες Λήψης Αποφάσεων, Υλικοί Παράγοντες, Οι Έμψυχοι Παράγοντες, Οι Υποκειμενικοί Παράγοντες, Προσεγγίσεις στη Λήψη Αποφάσεων, Η Λήψη Αποφάσεων στην Αρχαιότητα, Σύγχρονες Επιστημονικές Προσεγγίσεις, Θεωρήσεις Διεθνών Σχέσεων, Κλασσικός Ρεαλισμός, Δομικός Ρεαλισμός ή Νεορεαλισμός, Πλουραστική Θεώρηση, Οι Θεωρίες Λήψης Αποφάσεων, Ορθολογικές Θεωρίες Λήψης Αποφάσεων, Το Κλασσικό Μοντέλο, Θεωρία Παιγνίων, Θεωρίες μη Συμβατικής Λογικής, Θεωρίες Περί Γραφειοκρατίας, Περιορισμένος Ορθολογισμός, Το Οργανισμικό Μοντέλο, Μικτά Μοντέλα ή Μελέτες, Άλλες Θεωρίες Λήψης Αποφάσεων, Ψυχολογικές Θεωρίες, Παρανόηση, Ομαδοσκέψη, Κυβερνητική, Κρίση και Διαχείριση Κρίσης, Λειτουργίες και Χαρακτηριστικά της Κρίσης, Αίτια, Αίτια - Αφορμές, Διαχείριση Κρίσης, Διπλωματία, Διπλωματικές Λειτουργίες, Προπαγάνδα, Διαπραγμάτευση, Στόχοι της Διαπραγμάτευσης, Τα Στάδια της Διαπραγμάτευσης, Τακτικές της Διαπραγμάτευσης, Παραρτήματα, Βιβλιογραφία. |
| 700 1# - ΠΡΟΣΘΕΤΗ ΑΝΑΓΡΑΦΗ--ΦΥΣΙΚΟ ΠΡΟΣΩΠΟ |
| Personal name |
Κουσκουβέλης Ηλίας Ι |
| 9 (RLIN) |
6592 |
| 942 ## - ADDED ENTRY ELEMENTS (KOHA) |
| Koha item type |
Books |